The frontiers of management: where tomorrow's decisions are being shaped today (Record no. 63311)
[ view plain ]
| 000 -LEADER | |
|---|---|
| fixed length control field | 01057nam a2200193 a 4500 |
| 008 - FIXED-LENGTH DATA ELEMENTS--GENERAL INFORMATION | |
| fixed length control field | 120416s1987 ||||||||||||||||| || u |
| 020 ## - INTERNATIONAL STANDARD BOOK NUMBER | |
| International Standard Book Number | 0434903949 |
| 050 ## - LIBRARY OF CONGRESS CALL NUMBER | |
| Classification number | HD 31 Dru |
| 100 ## - MAIN ENTRY--PERSONAL NAME | |
| Personal name | Drucker, Peter F |
| 245 14 - TITLE STATEMENT | |
| Title | The frontiers of management: where tomorrow's decisions are being shaped today |
| 260 ## - PUBLICATION, DISTRIBUTION, ETC. | |
| Place of publication, distribution, etc. | London |
| Name of publisher, distributor, etc. | Heinemann |
| Date of publication, distribution, etc. | 1987 |
| 300 ## - PHYSICAL DESCRIPTION | |
| Extent | xi, 368p. |
| 350 ## - | |
| -- | 0.00 |
| 650 #0 - SUBJECT ADDED ENTRY--TOPICAL TERM | |
| Topical term or geographic name entry element | MANAGEMENT |
| 995 ## - | |
| -- | ANNEX COLLECTION (Main Library) |
| -- | 0.00 |
| -- | 724806 |
| -- | CBU-MAIN LIBRARY (Kitwe) |
| -- | 1 |
| -- | 25.00 |
| -- | HD 31 Dru |
| -- | 1 |
| -- | AVAILABLE |
| -- | 000386 |
| -- | Annex Low-Usage Collection |
| 995 ## - | |
| -- | MAIN LIBRARY OPEN ACCESS |
| -- | 0.00 |
| -- | 723217 |
| -- | CBU-MAIN LIBRARY (Kitwe) |
| -- | 1 |
| -- | 27.50 |
| -- | HD 31 Dru |
| -- | 4 |
| -- | AVAILABLE |
| -- | 024071 |
| -- | Main Library Open Access Collection |
| 995 ## - | |
| -- | MAIN LIBRARY OPEN ACCESS |
| -- | 0.00 |
| -- | 736121 |
| -- | CBU-MAIN LIBRARY (Kitwe) |
| -- | 1 |
| -- | 0.00 |
| -- | HD 31 Dru |
| -- | 3 |
| -- | AVAILABLE |
| -- | May 18, 2006 |
| -- | 38903 |
| -- | Main Library Open Access Collection |
| 995 ## - | |
| -- | ANNEX COLLECTION (Main Library) |
| -- | 0.00 |
| -- | 724805 |
| -- | CBU-MAIN LIBRARY (Kitwe) |
| -- | 2 |
| -- | 25.00 |
| -- | HD 31 Dru |
| -- | 2 |
| -- | AVAILABLE |
| -- | 000388 |
| -- | Annex Low-Usage Collection |
| 999 ## - | |
| -- | 63311 |
| -- | 63311 |
| Withdrawn status | Lost status | Source of classification or shelving scheme | Damaged status | Not for loan | Permanent Location | Current Location | Shelving location | Date acquired | Total Checkouts | Full call number | Barcode | Date last seen | Price effective from | Koha item type |
|---|---|---|---|---|---|---|---|---|---|---|---|---|---|---|
| Withdrawn | CBU-MAIN LIBRARY, KITWE. | CBU-MAIN LIBRARY, KITWE. | 12/24/2022 | HD 31 Dru | 000386 | 12/24/2022 | 12/24/2022 | MONOGRAPH | ||||||
| CBU-MAIN LIBRARY, KITWE. | CBU-MAIN LIBRARY, KITWE. | 12/24/2022 | HD 31 Dru | 024071 | 12/24/2022 | 12/24/2022 | MONOGRAPH | |||||||
| CBU-MAIN LIBRARY, KITWE. | CBU-MAIN LIBRARY, KITWE. | 12/24/2022 | HD 31 Dru | 38903 | 12/24/2022 | 12/24/2022 | MONOGRAPH | |||||||
| CBU-MAIN LIBRARY, KITWE. | CBU-MAIN LIBRARY, KITWE. | 12/24/2022 | HD 31 Dru | 000388 | 12/24/2022 | 12/24/2022 | MONOGRAPH |